LEADER 01827nam a2200373 u 4500 001 000000016947 003 CaOOAMICUS 005 20070226110042.0 008 941221s1986 fr u000 u fre u 020 $a2204026905 :$c147F 035 $a10397284 040 $aPUL(R)$bita 041 1 $afre$agrc 100 0 $aEusebius Caesariensis,$cvesc.,$dc. 260/265-339/340.$0(OLS)http://pul/name/4567 240 10$aContra Hieroclem$9(Eusebius Caesariensis, vesc., 260/265-339/340).$lFrancese e greco.$0(OLS)http://pul/title/24233 245 10$aContre Hiéroclès /$cEusèbe de Césarée ; introduction, traduction et notes par Marguerite Forrat ; texte grec établi par Edouard des Places. 260 $aParis :$bLes Éditions du Cerf,$c1986. 300 $a236 p. ;$c20 cm 490 1 $aSources chrétiennes ;$v333 500 $aInclude indici. 504 $aBibliography: p. [91]-95. 600 10$aHierocles, Sossianus,$dfl. 293-311$xViews on Christianity.$2//eng$0(OLS)http://pul/subject/11994 650 0$aApologetics$xHistory$yEarly church, ca. 30-600.$2//eng$0(OLS)http://pul/subject/3188 700 1 $aDes Places, Edouard,$cS.I.,$d1900-$0(OLS)http://pul/name/926 700 1 $aForrat, Marguerite.$0(OLS)http://pul/name/15354 830 0$aSources chrétiennes ;$v333.$0(OLS)http://pul/title/45 850 $aPUL 852 $aPUL$W1$xSL Religione 2$y84$mTheol E3 333$j23884$nBK-PRI$b $qStampati altre collocazioni$B23884$CPULBib$Z2$F23884 $H $81 900 $aEusebio di Cesarea,$cvesc. di Cesarea,$dc. 265-c. 340$94567 941 1 $a10 961 $aINV: 61653 996 $6020$a2204026905 :$c147F$9(OLS)http://pul/number/21807 996 $6245$aContre Hiéroclès$9(OLS)http://pul/title/24234 996 $6260$aParis :$bLes Éditions du Cerf$9(OLS)http://pul/publisher/47861 LEADER 01396nam a2200325 u 4500 001 000000049417 003 CaOOAMICUS 005 20070226115116.0 008 000628s1992 fr u000 u fre u 020 $a2204045705 035 $a10851261 040 $aPUL(R)$bita 100 1 $aBriend, Jacques.$0(OLS)http://pul/name/22561 245 10$aDieu dans l'Ecriture /$cJacques Briend. 260 $aParis :$bLes Éditions du Cerf,$c1992. 300 $a136 p. ;$c21 cm 490 1 $aLectio divina ;$v150 504 $aBibliografia in nota. 650 4$aDio (teologia).$0(OLS)http://pul/subject/11917 830 0$aLectio divina ;$v150.$0(OLS)http://pul/title/3461 850 $aPUL 852 $aPUL$W1$xDP1 Fondo Gelio$y54$m4 A 34$j7246$nBK-PRI$b $qFondi$B65668$CPULBib$Z2$F65668 $HPUL0288 $81 852 $aPUL$W1$xDP1 Fondo Ciprotti$y59$m1532 F 26$j65667$nBK-PRI$b $qFondi$B65667$CPULBib$Z2$F65667 $H $81 852 $aPUL$W1$xSL Religione 1$y3$m9 I 150$j120526$qStampati$B119772$CPULBib$Z2$F119772 $H79156 $82 941 1 $a8 941 1 $a1 961 $aINV: 0153. Fondo Ciprotti 996 $6020$a2204045705$9(OLS)http://pul/number/62420 996 $6245$aDieu dans l'Ecriture$9(OLS)http://pul/title/66638 996 $6260$aParis :$bLes Éditions du Cerf$9(OLS)http://pul/publisher/47861